| 000 | 00359nam a22001337a 4500 | ||
|---|---|---|---|
| 008 | 230623b xxu||||| |||| 00| 0 eng d | ||
| 020 | _a9966900845 | ||
| 082 |
_a330. _bNDA 1996 |
||
| 245 | _aThe Behaviour of Income Velocity in Tanzania, 1967-1994 | ||
| 260 |
_bAfrican Economic Research Consortium _c1996 |
||
| 300 | _a54p | ||
| 440 | _n50 | ||
| 942 |
_2ddc _cBK |
||
| 999 |
_c2401 _d2401 |
||